[Event "2nd 4NCL Spring Bank Holiday Congress"]
[Site "Basingstoke"]
[Date "2019.05.25"]
[Round "2.20"]
[White "Chantrell, Paul"]
[Black "Hymer, Barry J"]
[Result "1/2-1/2"]
[WhiteElo "1620"]
[BlackElo "1884"]
[PlyCount "129"]
[EventDate "2019.05.24"]

1. e4 d6 2. d4 g6 3. Nf3 Bg7 4. Nc3 a6 5. h3 e6 6. Be2 Ne7 7. Be3 b5 8. a3 h6
9. O-O O-O 10. Qd2 Kh7 11. Rfd1 Nd7 12. b4 Bb7 13. Bd3 c5 14. Be2 cxb4 15. axb4
Rc8 16. Bd3 Nb6 17. Na2 Nc4 18. Bxc4 Rxc4 19. Qd3 Qc7 20. c3 f5 21. Nd2 f4 22.
Nxc4 bxc4 23. Qe2 fxe3 24. Qxe3 g5 25. Nc1 Ng6 26. Ne2 Qf7 27. f3 Nh4 28. Rf1
Bc8 29. Rf2 Ng6 30. Kh2 Qc7 31. Ra5 Nf4 32. Nxf4 gxf4 33. Qe2 Bf6 34. Rf1 Bh4
35. e5 d5 36. Qc2+ Rf5 37. Rc5 Qd7 38. Ra1 Bd8 39. Qa4 Qxa4 40. Rxa4 Bb7 41. b5
a5 42. b6 Bxb6 43. Rb5 Bc6 44. Rxb6 Bxa4 45. Rxe6 Bc2 46. Ra6 a4 47. g3 Kg7 48.
gxf4 Rxf4 49. Kg3 Rf7 50. f4 h5 51. h4 Rb7 52. f5 Bxf5 53. Rxa4 Rb3 54. Kf4 Be4
55. Kg5 Rxc3 56. Ra7+ Kf8 57. Kf6 Rf3+ 58. Ke6 c3 59. Kd6 c2 60. e6 Rf6 61. Rc7
Bf5 62. Ke5 Rxe6+ 63. Kxf5 Re2 64. Kg5 Rd2 65. Kxh5 1/2-1/2

[Event "2nd 4NCL Spring Bank Holiday Congress"]
[Site "Basingstoke"]
[Date "2019.05.25"]
[Round "2.21"]
[White "Mcdonnell, James J"]
[Black "Zakarian, Dimitrios Levon"]
[Result "0-1"]
[WhiteElo "1815"]
[BlackElo "1594"]
[PlyCount "92"]
[EventDate "2019.05.24"]

1. e4 c5 2. Nf3 e6 3. d4 cxd4 4. Nxd4 a6 5. Nc3 Qc7 6. Bd3 Nf6 7. O-O Bc5 8.
Nb3 Be7 9. Be3 d6 10. a4 b6 11. f4 Nbd7 12. Be2 Bb7 13. Bf3 O-O 14. Qe2 Rac8
15. Qf2 Nc5 16. Nxc5 dxc5 17. g4 Nd7 18. g5 Rfe8 19. h4 Nf8 20. Ne2 Bd6 21. h5
Qe7 22. Qg3 Bc6 23. a5 b5 24. Qf2 Qb7 25. Qg2 Rcd8 26. h6 g6 27. Ng3 Qc7 28.
Be2 Bb7 29. Qf2 Rc8 30. Rfd1 Nd7 31. Bf1 c4 32. Bg2 Bc5 33. Bxc5 Nxc5 34. Qe1
Qxf4 35. Qf2 Qxg5 36. Rf1 Qe7 37. Qd4 e5 38. Qe3 Ne6 39. Bh3 Qh4 40. Bxe6 Rxe6
41. Kg2 Qg4 42. Rad1 Ree8 43. Qf3 Qxf3+ 44. Rxf3 Red8 45. Rff1 f5 46. Kf3 Kf7
0-1

[Event "2nd 4NCL Spring Bank Holiday Congress"]
[Site "Basingstoke"]
[Date "2019.05.25"]
[Round "2.22"]
[White "Zheng, Harry Z"]
[Black "Jagadeesh, Balakrishnan"]
[Result "1-0"]
[WhiteElo "1556"]
[BlackElo "1712"]
[PlyCount "65"]
[EventDate "2019.05.24"]

1. e4 c6 2. d4 d5 3. e5 Bf5 4. h4 h5 5. Bd3 Bxd3 6. Qxd3 e6 7. Bg5 Qb6 8. Nd2
Nd7 9. Ne2 Ne7 10. Ng3 c5 11. c3 Nc6 12. Ne2 g6 13. O-O Be7 14. Bxe7 Nxe7 15.
Ng3 Rc8 16. b3 Qd8 17. Nf3 c4 18. Qe3 b5 19. Ng5 a5 20. Qf3 Nf5 21. Nxf5 gxf5
22. g3 Nf8 23. Rab1 b4 24. cxb4 axb4 25. bxc4 Rxc4 26. Qd1 Qa5 27. Qd2 Qb6 28.
Rfd1 Ng6 29. Qb2 Ke7 30. Nf3 Ra8 31. a3 Rc3 32. Qxc3 Rxa3 33. Qxa3 1-0

[Event "2nd 4NCL Spring Bank Holiday Congress"]
[Site "Basingstoke"]
[Date "2019.05.24"]
[Round "1.1"]
[White "Botlik, Bela"]
[Black "Mcdonnell, James J"]
[Result "1-0"]
[WhiteElo "2029"]
[BlackElo "1815"]
[PlyCount "101"]
[EventDate "2019.05.24"]

1. d4 d5 2. Nc3 Bf5 3. Bf4 c6 4. f3 Nf6 5. g4 Bg6 6. h4 h5 7. g5 Nfd7 8. e3 Nb6
9. Bd3 Bxd3 10. Qxd3 e6 11. Nge2 Na6 12. e4 g6 13. Be5 Rg8 14. exd5 Nb4 15. Qd1
exd5 16. a3 Na6 17. Qd3 Nc4 18. Bf6 Be7 19. b3 Nd6 20. Be5 Qd7 21. Ng3 Qe6 22.
Nce2 Nc7 23. Nf4 Qd7 24. O-O O-O-O 25. Qc3 Nf5 26. Nxf5 Qxf5 27. Qa5 Bd6 28.
Bxd6 Rxd6 29. Ng2 Re6 30. Qd2 Rge8 31. Rf2 a6 32. c4 Kd7 33. Qb4 Kc8 34. Rc1 f6
35. Qd2 Kb8 36. Qf4 fxg5 37. hxg5 Qd3 38. cxd5 R6e7 39. dxc6 b5 40. a4 b4 41.
d5 Qxd5 42. Qxb4+ Nb5 43. axb5 axb5 44. Rc5 Re1+ 45. Nxe1 Rxe1+ 46. Qxe1 Qxc5
47. Qe8+ Kc7 48. Qxg6 h4 49. Qh7+ Kb6 50. Qxh4 Qxc6 51. Qh6 1-0

[Event "2nd 4NCL Spring Bank Holiday Congress"]
[Site "Basingstoke"]
[Date "2019.05.24"]
[Round "1.2"]
[White "Neatherway, A Philip"]
[Black "Stock, Tobias W"]
[Result "1-0"]
[WhiteElo "1813"]
[BlackElo "1999"]
[PlyCount "127"]
[EventDate "2019.05.24"]

1. e4 c5 2. Nf3 a6 3. c4 Nc6 4. d4 cxd4 5. Nxd4 e5 6. Nxc6 bxc6 7. Nc3 Bc5 8.
Be2 Nf6 9. O-O O-O 10. Bg5 h6 11. Bh4 Qe7 12. Qc2 Bb7 13. Rad1 Rfd8 14. a3 a5
15. Na4 Bd4 16. Kh1 d5 17. exd5 cxd5 18. f4 g5 19. fxg5 Ne4 20. Bh5 Rf8 21.
cxd5 Nxg5 22. Nc3 Rac8 23. Qf5 Bxc3 24. bxc3 Rxc3 25. d6 Qd8 26. Bxg5 Qxg5 27.
Qxg5+ hxg5 28. Rxf7 Rb8 29. d7 Rd8 30. Re7 Bc6 31. Re8+ Rxe8 32. dxe8=Q+ Bxe8
33. Bxe8 Rxa3 34. Kg1 Kf8 35. Bc6 Rc3 36. Bf3 a4 37. Ra1 a3 38. Kf2 Ke7 39. Ke2
Kd6 40. Kd2 Rb3 41. Bd1 Rb2+ 42. Bc2 e4 43. Rxa3 Ke5 44. Ra4 e3+ 45. Kc1 Rb8
46. Re4+ Kf6 47. Rxe3 Rd8 48. Bd3 Rd4 49. Kd2 Ra4 50. Ke2 Kg7 51. Re4 Ra3 52.
h4 Ra2+ 53. Kf3 Ra3 54. Ke3 gxh4 55. Rxh4 Ra5 56. Kf4 Ra4+ 57. Be4 Ra1 58. Kg5
Ra5+ 59. Bf5 Ra3 60. g4 Ra6 61. Rh7+ Kf8 62. Rh6 Ra3 63. Kf6 Ke8 64. Rh8# 1-0

[Event "2nd 4NCL Spring Bank Holiday Congress"]
[Site "Basingstoke"]
[Date "2019.05.24"]
[Round "1.3"]
[White "Sommer, Martin C"]
[Black "Brixel, Christof"]
[Result "0-1"]
[WhiteElo "1985"]
[BlackElo "1781"]
[PlyCount "52"]
[EventDate "2019.05.24"]

1. d4 Nf6 2. Nf3 e6 3. e3 b6 4. Bd3 Bb7 5. Nbd2 d5 6. O-O Bd6 7. c3 O-O 8. Ne5
Nbd7 9. f4 Ne4 10. Bxe4 dxe4 11. Qg4 f5 12. Qh3 Rf6 13. g3 Rh6 14. Qg2 Nf6 15.
h3 Ba6 16. Re1 Qe8 17. Nf1 Qh5 18. h4 Qe8 19. b3 Bxf1 20. Qxf1 Nh5 21. Kf2 Bxe5
22. dxe5 Rg6 23. Qc4 Rxg3 24. Rg1 Rxg1 25. Kxg1 Qg6+ 26. Kf1 Rd8 0-1

[Event "2nd 4NCL Spring Bank Holiday Congress"]
[Site "Basingstoke"]
[Date "2019.05.24"]
[Round "1.4"]
[White "Jagadeesh, Balakrishnan"]
[Black "Krueger, Norbert"]
[Result "0-1"]
[WhiteElo "1712"]
[BlackElo "1983"]
[PlyCount "118"]
[EventDate "2019.05.24"]

1. d4 e6 2. c4 f5 3. g3 Nf6 4. Bg2 Be7 5. Nh3 d6 6. O-O O-O 7. Nc3 Qe8 8. Qb3
c6 9. Re1 e5 10. c5+ Qf7 11. Qxf7+ Rxf7 12. cxd6 Bxd6 13. dxe5 Bxe5 14. e4 fxe4
15. Ng5 Rf8 16. Ncxe4 Na6 17. Nf3 Nxe4 18. Rxe4 Bd6 19. Be3 Bf5 20. Rc4 Be6 21.
Rcc1 Bc7 22. a3 Bd5 23. Nd4 Bxg2 24. Kxg2 Bb6 25. Re1 Rae8 26. b4 Nc7 27. Nc2
Nd5 28. Bxb6 Nxb6 29. Ne3 Re4 30. Rad1 Rfe8 31. Nc2 Rxe1 32. Rxe1 Rxe1 33. Nxe1
Nc4 34. Nc2 Kf7 35. Kf3 Ke6 36. Ke4 Nd2+ 37. Kd3 Nf3 38. Nd4+ Nxd4 39. Kxd4 b6
40. f4 Kf5 41. h3 h5 42. a4 h4 43. gxh4 Kxf4 44. a5 g6 45. a6 Kf5 46. Ke3 Ke5
47. Kf3 Kd4 48. Kg4 c5 49. bxc5 bxc5 50. Kg5 c4 51. Kxg6 c3 52. h5 c2 53. h6
c1=Q 54. h7 Qc8 55. Kg7 Qd7+ 56. Kg8 Qd8+ 57. Kg7 Qg5+ 58. Kh8 Qg6 59. h4 Qf7
0-1

[Event "2nd 4NCL Spring Bank Holiday Congress"]
[Site "Basingstoke"]
[Date "2019.05.24"]
[Round "1.5"]
[White "Pafura, P Godfrey"]
[Black "Verma, Shlok"]
[Result "1-0"]
[WhiteElo "1968"]
[BlackElo "1702"]
[PlyCount "61"]
[EventDate "2019.05.24"]

1. e4 e6 2. d4 d5 3. Nd2 dxe4 4. Nxe4 Bd7 5. Bd3 Bc6 6. Nf3 Nd7 7. O-O Ngf6 8.
Ng3 Be7 9. Qe2 b6 10. c4 Bb7 11. d5 exd5 12. Nf5 g6 13. Ng7+ Kf8 14. Bh6 Kg8
15. Ng5 Ne4 16. Nxf7 Kxf7 17. cxd5 Ndc5 18. Ne6 Qxd5 19. Nxc5 Qxc5 20. Bxe4
Bxe4 21. Qxe4 Rac8 22. Rfe1 Qd6 23. Rad1 Qf6 24. Qd5+ Ke8 25. Bg5 Qd6 26. Rxe7+
Qxe7 27. Bxe7 Kxe7 28. Re1+ Kf6 29. Qe5+ Kf7 30. Qf4+ Kg7 31. Re7+ 1-0

[Event "2nd 4NCL Spring Bank Holiday Congress"]
[Site "Basingstoke"]
[Date "2019.05.24"]
[Round "1.6"]
[White "Usharovsky, Ron"]
[Black "Ireland, David J"]
[Result "0-1"]
[WhiteElo "1671"]
[BlackElo "1948"]
[PlyCount "90"]
[EventDate "2019.05.24"]

1. e4 c5 2. c3 d5 3. exd5 Qxd5 4. d4 Nc6 5. Nf3 cxd4 6. cxd4 e5 7. Nc3 Bb4 8.
dxe5 Qxd1+ 9. Kxd1 Bg4 10. Bb5 O-O-O+ 11. Bd2 Nxe5 12. Be2 Bxf3 13. gxf3 Ne7
14. Rc1 N7c6 15. a3 Bxc3 16. Rxc3 Kb8 17. Kc1 Nd4 18. Re1 Rhe8 19. Bf4 Rc8 20.
Bb5 Nxb5 21. Rxe5 Rxc3+ 22. bxc3 Rxe5 23. Bxe5+ Kc8 24. a4 f6 25. Bxf6 gxf6 26.
axb5 Kc7 27. Kc2 Kb6 28. c4 a6 29. bxa6 bxa6 30. Kb3 Kc5 31. h4 h5 32. Kc3 f5
33. Kb3 f4 34. Kc3 a5 35. Kb3 Kd4 36. Ka4 Kxc4 37. Kxa5 Kd3 38. Kb4 Ke2 39. Kc4
Kxf2 40. Kd4 Kxf3 41. Ke5 Kg3 42. Kf5 f3 43. Kg5 f2 44. Kxh5 f1=Q 45. Kg5 Qf4+
0-1

[Event "2nd 4NCL Spring Bank Holiday Congress"]
[Site "Basingstoke"]
[Date "2019.05.24"]
[Round "1.7"]
[White "Shepley, Julien M"]
[Black "Murphy, Ross"]
[Result "1-0"]
[WhiteElo "1947"]
[BlackElo "1669"]
[PlyCount "43"]
[EventDate "2019.05.24"]

1. d4 Nf6 2. Nc3 d5 3. Bf4 a6 4. e3 c5 5. h3 cxd4 6. exd4 Bf5 7. Nf3 e6 8. a3
Nc6 9. Bd3 Bg6 10. O-O Bd6 11. Ne5 Bxd3 12. Qxd3 O-O 13. Rfe1 Qc7 14. Nxc6 Qxc6
15. Bg5 Be7 16. Rad1 Rfe8 17. Qf3 Rac8 18. Rd3 Qb6 19. b4 Rc4 20. Bxf6 gxf6 21.
Qg4+ Kh8 22. Rg3 1-0

[Event "2nd 4NCL Spring Bank Holiday Congress"]
[Site "Basingstoke"]
[Date "2019.05.24"]
[Round "1.8"]
[White "Aubury, Ben"]
[Black "Pink, Joshua"]
[Result "0-1"]
[WhiteElo "1659"]
[BlackElo "1928"]
[PlyCount "76"]
[EventDate "2019.05.24"]

1. d4 d5 2. c4 Nf6 3. cxd5 Nxd5 4. Nf3 f5 5. Nc3 g6 6. Qb3 c6 7. e3 Qb6 8. Bc4
Qxb3 9. Bxb3 Nxc3 10. bxc3 Nd7 11. Ba3 Bg7 12. O-O-O Nb6 13. h4 h6 14. Ne5 Bxe5
15. dxe5 a5 16. h5 a4 17. Bc2 Nc4 18. Bc5 Rg8 19. f4 b6 20. Bd3 Be6 21. Bxc4
Bxc4 22. Bxb6 Bxa2 23. Rd2 Bd5 24. Kb1 gxh5 25. Rxh5 Rb8 26. Rb2 a3 27. Rb4
Rxg2 28. e4 a2+ 29. Ka1 fxe4 30. Rh1 e3 31. Re1 e2 32. Rb2 e6 33. Rb4 Kf7 34.
Rb2 Kg6 35. Rb4 Kf5 36. Rh1 Rh2 37. Re1 Rxb6 38. Rxb6 Rh1 0-1

[Event "2nd 4NCL Spring Bank Holiday Congress"]
[Site "Basingstoke"]
[Date "2019.05.24"]
[Round "1.9"]
[White "Cooper, Malcolm H"]
[Black "Chantrell, Paul"]
[Result "1-0"]
[WhiteElo "1925"]
[BlackElo "1620"]
[PlyCount "123"]
[EventDate "2019.05.24"]

1. e4 e5 2. Nf3 Nc6 3. Bb5 a6 4. Ba4 Nf6 5. O-O Nxe4 6. d4 b5 7. Bb3 d5 8. dxe5
Be6 9. c3 Nc5 10. Bc2 Nd7 11. Re1 Bc5 12. Bg5 Be7 13. Bf4 O-O 14. Nbd2 g6 15.
Nf1 Re8 16. Qd2 Bf8 17. Bh6 Bg7 18. Bxg7 Kxg7 19. Qf4 Ne7 20. Ne3 c6 21. Rad1
Ng8 22. Ra1 Qe7 23. Qg3 Ra7 24. Nd4 Qc5 25. f4 Nf8 26. b4 Qb6 27. f5 Bc8 28.
Kh1 Kh8 29. e6 Ree7 30. Qe5+ f6 31. Qg3 Qc7 32. Qf2 g5 33. h4 Rg7 34. h5 h6 35.
g4 Re7 36. Qh2 Kg7 37. Nb3 Qxh2+ 38. Kxh2 Rec7 39. Nc5 Ne7 40. Bb3 Nh7 41. Re2
Kf8 42. Nc2 Ke8 43. Nd4 Nf8 44. a4 a5 45. axb5 axb4 46. Rxa7 Rxa7 47. b6 Ra3
48. b7 Bxb7 49. Nxb7 bxc3 50. Rc2 Ra1 51. Rxc3 Rb1 52. Nd6+ Kd8 53. Nb7+ Kc7
54. Na5 Kb6 55. Naxc6 Rb2+ 56. Kg3 Nc8 57. Rc2 Rxc2 58. Bxc2 Nd6 59. Bb3 Ne4+
60. Kf3 Nd2+ 61. Ke3 Nxb3 62. e7 1-0

[Event "2nd 4NCL Spring Bank Holiday Congress"]
[Site "Basingstoke"]
[Date "2019.05.24"]
[Round "1.10"]
[White "Zakarian, Dimitrios Levon"]
[Black "Angheluta, Ovidiu"]
[Result "0-1"]
[WhiteElo "1594"]
[BlackElo "1891"]
[PlyCount "134"]
[EventDate "2019.05.24"]

1. d4 Nf6 2. c4 e6 3. Nf3 Bb4+ 4. Nbd2 c5 5. a3 Qa5 6. dxc5 Bxd2+ 7. Bxd2 Qxc5
8. Bb4 Qb6 9. c5 Qc7 10. Nd4 a6 11. Qd2 Ne4 12. Qc2 f5 13. Rc1 Nc6 14. Nxc6
bxc6 15. e3 a5 16. Bd2 Qe5 17. Bd3 O-O 18. f4 Qd5 19. Bc4 Qxd2+ 20. Qxd2 Nxd2
21. Kxd2 Ba6 22. Rhd1 Rfb8 23. Bxa6 Rxa6 24. Kc3 Ra7 25. Rd4 Kf7 26. Rcd1 Ke7
27. Ra4 Rb5 28. Rc4 h6 29. g3 g6 30. Rd3 a4 31. Rd2 Raa5 32. Kd4 Kf6 33. Kc3
Rb3+ 34. Kd4 d5 35. Rcc2 Rab5 36. Re2 g5 37. Rg2 Rb8 38. h4 Rg8 39. h5 Re8 40.
Rc3 Rb5 41. Rf2 Reb8 42. Rcc2 Rb3 43. Rg2 Rg8 44. Rcd2 Rb7 45. Kc3 Rb3+ 46. Kd4
Rg7 47. Rc2 Rb8 48. Rcd2 Re7 49. Rd3 Rb5 50. Rc3 Reb7 51. Rcc2 Ra7 52. Rgf2
Raa5 53. Rg2 Rb8 54. Rgf2 Ra7 55. Rg2 Rg7 56. Rc3 Re8 57. Rd3 gxf4 58. exf4 Rb8
59. Re3 Rgb7 60. Ree2 Rb3 61. Ref2 Rg8 62. Rc2 Rgxg3 63. Rxg3 Rxg3 64. Rc3 Rg4
65. Ke3 e5 66. fxe5+ Kxe5 67. Kf3 Rh4 0-1

[Event "2nd 4NCL Spring Bank Holiday Congress"]
[Site "Basingstoke"]
[Date "2019.05.24"]
[Round "1.11"]
[White "Hymer, Barry J"]
[Black "Hammond, Benjamin"]
[Result "0-1"]
[WhiteElo "1884"]
[BlackElo "1575"]
[PlyCount "76"]
[EventDate "2019.05.24"]

1. Nf3 d5 2. g3 c5 3. Bg2 Nf6 4. d3 Nc6 5. O-O e6 6. Nbd2 Bd6 7. Re1 O-O 8. e4
Qc7 9. Qe2 dxe4 10. dxe4 e5 11. c3 h6 12. Nh4 Re8 13. Nc4 Bf8 14. Ne3 Ne7 15.
Bd2 Be6 16. c4 Nc6 17. Nhf5 Nd4 18. Nxd4 cxd4 19. Nd5 Nxd5 20. cxd5 Bd7 21.
Rec1 Qb6 22. Bf1 Rac8 23. b4 a6 24. a3 Rxc1 25. Rxc1 Rc8 26. Rxc8 Bxc8 27. f4
f6 28. fxe5 fxe5 29. Qc4 Bd7 30. Qc1 Kh7 31. Kg2 Bd6 32. Be2 Qc7 33. Qd1 Qc8
34. Bh5 Qc4 35. Bg4 Bxg4 36. Qxg4 Qc2 37. Qe2 Be7 38. Kf2 d3 0-1

[Event "2nd 4NCL Spring Bank Holiday Congress"]
[Site "Basingstoke"]
[Date "2019.05.24"]
[Round "1.12"]
[White "Hirst, Joe"]
[Black "Cast, Julian"]
[Result "0-1"]
[WhiteElo "1564"]
[BlackElo "1883"]
[PlyCount "52"]
[EventDate "2019.05.24"]

1. e4 d5 2. exd5 Qxd5 3. Nc3 Qd8 4. d4 Nf6 5. f3 a6 6. Be3 b5 7. a3 Bb7 8. Nge2
e6 9. Ng3 Nbd7 10. Be2 Nd5 11. Nge4 Nxe3 12. Qd2 Nd5 13. g4 Qh4+ 14. Ng3 Bd6
15. Nce4 Bf4 16. Qd3 O-O 17. Kf2 c5 18. c3 f5 19. gxf5 exf5 20. Nd2 Bxd2 21.
Qxd2 f4 22. Qd3 Rae8 23. Rag1 Re3 24. Qb1 Rfe8 25. Kf1 Rxe2 26. Ne4 R8xe4 0-1

[Event "2nd 4NCL Spring Bank Holiday Congress"]
[Site "Basingstoke"]
[Date "2019.05.24"]
[Round "1.13"]
[White "Nwachukwu, Chino"]
[Black "Zheng, Harry Z"]
[Result "1-0"]
[WhiteElo "1865"]
[BlackElo "1556"]
[PlyCount "91"]
[EventDate "2019.05.24"]

1. e4 e5 2. Nf3 Nc6 3. Bc4 Bc5 4. c3 Nf6 5. d4 exd4 6. e5 d5 7. Bb5 Ne4 8. cxd4
Bb4+ 9. Nbd2 Bd7 10. O-O Bxd2 11. Bxc6 bxc6 12. Bxd2 Nxd2 13. Nxd2 O-O 14. Rc1
Rb8 15. Nb3 f6 16. f4 fxe5 17. fxe5 Rxf1+ 18. Qxf1 Qg5 19. Rc3 Rf8 20. Qe1 Qg6
21. Rg3 Qe8 22. Nc5 Be6 23. Qa5 Qh5 24. Qd2 Re8 25. h3 Kh8 26. Kh2 Qh4 27. Qf2
Qe7 28. Ra3 Rf8 29. Qg3 Ra8 30. Ra6 Qe8 31. Qa3 h6 32. Rxa7 Rxa7 33. Qxa7 Qf7
34. Qa3 Bc8 35. Qe3 Be6 36. a4 Qe8 37. a5 Bf7 38. a6 Qa8 39. e6 Be8 40. Qf4 Qc8
41. a7 Kh7 42. e7 g6 43. Qf8 g5 44. Qf6 Qa8 45. Ne6 Qxa7 46. Qg7# 1-0

[Event "2nd 4NCL Spring Bank Holiday Congress"]
[Site "Basingstoke"]
[Date "2019.05.24"]
[Round "1.14"]
[White "Shenbagakumar, Gautham"]
[Black "Wilson, Matthew R"]
[Result "1-0"]
[WhiteElo "1539"]
[BlackElo "1843"]
[PlyCount "55"]
[EventDate "2019.05.24"]

1. e4 c5 2. Nf3 e6 3. d4 cxd4 4. Nxd4 a6 5. Nc3 Qc7 6. Be2 Nf6 7. a3 Be7 8. O-O
d6 9. Be3 Nbd7 10. f4 b5 11. Bf3 Bb7 12. Re1 O-O 13. Bf2 Rac8 14. Kh1 Rfd8 15.
Bg3 Nb6 16. e5 dxe5 17. fxe5 Nfd5 18. Bxd5 Bxd5 19. Qg4 Nc4 20. Nxd5 exd5 21.
e6 Bd6 22. Nf5 g6 23. e7 Re8 24. Bh4 Be5 25. Rf1 Bg7 26. Nxg7 Kxg7 27. Bf6+ Kg8
28. Qg5 1-0